000
00301nam a2200109Ia 4500
008
201217s9999 xx 000 0 und d
100
_a
Parsons, David
245
0
_a
Employment and Manpower Surveys : A Practitioner's Guide
260
_a
Aldershot
_b
Gower Publishing Company
300
_a
193
942
_c
BK
999
_c
6952
_d
6952